000 00667nam a2200241Ia 4500
003 OSt
005 20221007110212.0
006 a|||||r|||| 00| 0
007 ta
008 221006b |||||||| |||| 00| 0 eng d
024 _a20,597
037 _cTextual
040 _aLCO
_cLCO
_beng
041 _2eng
_aeng
082 _aZ2,2, M4
100 _aBhalla R.S
_9707211
245 0 _aInstitution of Property
_b Legally, Historically and Philosophically Regarded
260 _aLucknow
_bEastern Book Company India
_c1984
300 _a204
650 _aPROPERTY
_9334647
942 _hZ2,2, M4
_cTEXL
999 _c1190160
_d1190160